New York Rangers Roster 2023-2024 - Statistics

General Stats
  • This quiz has been taken 241 times
  • The average score is 21 of 28
Answer Stats
Answer % Correct
23 Adam Fox
96%
10 Artemi Panarin
94%
93 Mika Zibanejad
93%
20 Chris Kreider
92%
31 Igor Shesterkin
89%
8 Jacob Trouba
89%
79 K'Andre Miller
89%
73 Matt Rempe
89%
16 Vincent Trocheck
87%
13 Alexis Lafreniere
86%
32 Johnathon Quick
86%
24 Kappo Kakko
84%
55 Ryan Lindgren
84%
72 Filip Chytil
81%
50 Will Cuylle
76%
21 Barclay Goodrow
75%
26 Jimmy Vesey
74%
4 Braden Schneider
73%
96 Jack Roslovic
67%
6 Zac Jones
65%
22 Jonny Brodzinski
64%
91 Alex Wennberg
62%
56 Erik Gustafsson
59%
84 Adam Edstrom
58%
17 Blake Wheeler
53%
78 Brennan Othmann
36%
5 Chad Ruhwedel
32%
70 Louis Domingue
30%
No matching quizzes found
Score Distribution
Percent of People with Each Score
Percentile by Number Answered
Your Score History
You have not taken this quiz